So You Think You Can Dance Cast Members Quiz Stats

 Plays Quiz not verified by Sporcle

Challenge
Share
Tweet
Embed
Score 0/126 Timer 10:00
0 Plays Today
dancer % Correct
Nick Lazzarini
84.2%
Ryan Conferido
73.7%
Travis Wall
73.7%
Ryan Rankine
73.7%
Ben Susak
73.7%
Ashle Dawson
68.4%
Danny Tidwell
68.4%
Neil Haskell
68.4%
Sabra Johnson
68.4%
Lauren Gottlieb
68.4%
Lauren Froderman
68.4%
Lacey Schwimmer
63.2%
Stephen Boss
63.2%
Johnathan Tannis
57.9%
Melissa Vella
57.9%
Ivan Koumaev
57.9%
Ashlee Nino
57.9%
Ashlee Langas
57.9%
Melissa Sandvig
57.9%
Ashley Valerio
57.9%
Ashleigh Di Lello
57.9%
Kent Boyd
57.9%
Ashley Galvan
57.9%
Allison Holker
52.6%
Pasha Kovalev
52.6%
Dominic Sandoval
52.6%
Comfort Fedoke
52.6%
Chelsie Hightower
52.6%
Chelsea Traille
52.6%
Brandon Bryant
52.6%
Evan Kasprzak
52.6%
Ade Obayomi
52.6%
Jeanine Mason
52.6%
Kayla Radomski
52.6%
Russell Ferguson
52.6%
Brandon Dumalo
52.6%
Robert Roldan
52.6%
Adechike Torbert
52.6%
Jose Ruiz
52.6%
Melinda Sullivan
52.6%
Jamile McGee
47.4%
Blake McGrath
47.4%
dancer % Correct
Heidi Groskreutz
47.4%
Hokutu Konishi
47.4%
Anya Garnis
47.4%
Jessi Peralta
47.4%
Joshua Allen
47.4%
Mark Kanemura
47.4%
Will Wingfield
47.4%
Matt Dorame
47.4%
Courtney Galiano
47.4%
Kourtni Lind
47.4%
Jonathan Platero
47.4%
Jonathan Perez
47.4%
Billy Bell
47.4%
Alex Wong
47.4%
Destini Rogers
42.1%
Donyelle Jones
42.1%
Natalie Fotopoulos
42.1%
Jessica Fernandez
42.1%
Jaimie Goodwin
42.1%
Gev Manoukian
42.1%
Jamie Bayard
42.1%
Katee Shean
42.1%
Kherington Payne
42.1%
Jessica King
42.1%
Phillip Chbeeb
42.1%
Tony Bellissimo
42.1%
Janette Manrara
42.1%
Caitlin Kinney
42.1%
Phillip Attmore
42.1%
Kathryn MCCormick
42.1%
Ellenore Scott
42.1%
Mollee Gray
42.1%
Artem Chigvinsev
36.8%
Melody Lacayanga
36.8%
Dmitry Chaplin
36.8%
Jason Williams
36.8%
Kameron Bink
36.8%
Sara Von Gillern
36.8%
Shauna Noland
36.8%
Faina Savich
36.8%
Jason Glover
36.8%
Kupono Aweau
36.8%
dancer % Correct
Maksim Kapitannikov
36.8%
Randi Evans
36.8%
Karla Garcia
36.8%
Paris Torres
36.8%
Jakob Karr
36.8%
Peter Sabasino
36.8%
Bianca Revels
36.8%
Cristina Santana
36.8%
Alexie Agdeppa
36.8%
Allan Frias
31.6%
Kamilah Barrett
31.6%
Musa Cooper
31.6%
Jaymz Tuaileva
31.6%
Chris Jarosz
31.6%
Marquis Cunningham
31.6%
Susie Garcia
31.6%
Rayven Armijo
31.6%
Vitolio Jeune
31.6%
Asuka Kondoh
31.6%
Nathan Trasoras
31.6%
Kevin Hunte
31.6%
Karen Hauer
31.6%
Michelle Brooke
26.3%
Sandra Colton
26.3%
Stanislav Savich
26.3%
Martha Nichols
26.3%
Joy Spears
26.3%
Cedric Gardner
26.3%
Jesus Solorio
26.3%
Jimmy Arguello
26.3%
Thayne Jasperson
26.3%
Victor Smalley
26.3%
Noelle Marsh
26.3%
Channing Cooke
26.3%
Pauline Mata
26.3%
Ariana Debose
26.3%
Craig DeRosa
21.1%
Snow Urbin
21.1%
Aleksandra Wojda
21.1%
Ricky Palomino
21.1%
Ryan Di Lello
21.1%
Benji Shwimmer
15.8%

You're not logged in!

Compare scores with friends on all Sporcle quizzes.
Join for Free
OR
Log In

You Might Also Like...

Show Comments

Extras

Created Aug 18, 2010ReportNominate

Top Quizzes Today


Score Distribution

Your Account Isn't Verified!

In order to create a playlist on Sporcle, you need to verify the email address you used during registration. Go to your Sporcle Settings to finish the process.

Report this User

Report this user for behavior that violates our Community Guidelines.

Details: